01009nam a2200181 a 4500008004100000020001500041050001900056100002100075245005800096260002600154300001700180350000900197995016700206995016700373999001700540952013500557952013500692120416s0000 ||||||||||||||||| || u a0002120216 aQL 692.A35 Wil aWilliams, John G12aA field guide to the birds of East and Central Africa aLondonbCollinsc1963 a288p. : ill. a0.00 aMAIN LIBRARY OPEN ACCESSD0.00e720382FCBU-MAIN LIBRARY (Kitwe)H1I6.00jQL 692.A35 WilM1UAVAILABLEWMar 21, 2007y015047ZMain Library Open Access Collection aMAIN LIBRARY OPEN ACCESSD0.00e720381FCBU-MAIN LIBRARY (Kitwe)H2I6.00jQL 692.A35 WilM2UAVAILABLEWMar 21, 2007y015048ZMain Library Open Access Collection c63018d63018 00102lcc4070a001b001cMain Library Open Access Collectiond2022-12-24l0oQL 692.A35 Wilp015047r2022-12-24w2022-12-24y002 00102lcc4070a001b001cMain Library Open Access Collectiond2022-12-24l0oQL 692.A35 Wilp015048r2022-12-24w2022-12-24y002